000 00655nas a2200229 4500
001 BR8603329
003 BR-BrBNA
005 20231205090532.0
007 ta
008 230509b bl.|||p| |||| 00| 00por d
040 _aBR-BrBNA
_bpor
_cBiblioteca Nacional de Agricultura
041 _a(Pt)
072 _aF01
100 1 _aCampos, V.
245 1 _aNoz macadamia: uma opcao na fruticultura com boas perspectivas
650 _aMACADAMIA
650 _aPLANTIO
650 _aENXERTO
773 0 _tBalde Branco (Brazil)
_xISSN 0005-4275
_g(Apr 1986), v. 21(258) p. 20-23
_wBR8603329
909 _a202311
_bLúcia
_c55
_dLúcia Elande
942 _2AGRIS
_n0
_cANA
999 _c119129
_d119129